书目信息 |
| 题名: |
视觉生理与仿生学
|
|
| 作者: | 福岛邦彦 著 ;马万禄 译 | |
| 分册: | ||
| 出版信息: | 北京 科学出版社 1980 |
|
| 页数: | 246页 | |
| 开本: | 19cm | |
| 丛书名: | ||
| 单 册: | ||
| 中图分类: | Q429 , Q811 | |
| 科图分类: | ||
| 主题词: | 视神经-神经生理学 , 神经生理学-视神经 , 仿生学 | |
| 电子资源: | ||
| ISBN: | ||
| 000 | 00723nam0 2200265 45 | |
| 001 | 1569135442 | |
| 005 | 20150130191240.09 | |
| 010 | @dCNY1.00 | |
| 091 | @aCN@b13031.1174 | |
| 100 | @a19950523d1980 emky0chiy0121 ea | |
| 101 | 1 | @achi@cjpn |
| 102 | @aCN@b110000 | |
| 105 | @ay z 000yy | |
| 200 | 10 | @a视觉生理与仿生学@Ashi jue sheng li yu fang sheng xue@f(日)福岛邦彦著@g马万禄等译 |
| 210 | @a北京@c科学出版社@d1980 | |
| 215 | @a246页@d19cm | |
| 606 | @a视神经-神经生理学 | |
| 606 | @a神经生理学-视神经 | |
| 606 | @a仿生学 | |
| 690 | @aQ429@v3 | |
| 690 | @aQ811@v3 | |
| 701 | 0 | @a福岛邦彦@Afu dao bang yan@4著 |
| 702 | 0 | @a马万禄@Ama wan lu@4译 |
| 801 | 0 | @aCN@bTSSF@c20150130 |
| 905 | @aZUCC@dQ429@eJY1 | |
| 视觉生理与仿生学/(日)福岛邦彦著/马万禄等译.-北京:科学出版社,1980 |
| 246页;19cm |
| ISBN :CNY1.00 |
| ● |
| 相关链接 |
|
|
|
|
正题名:视觉生理与仿生学
索取号:Q429/JY1
 
预约/预借
| 序号 | 登录号 | 条形码 | 馆藏地/架位号 | 状态 | 备注 |
| 1 | 7844508 | 278445087 | 学院路分馆/ [索取号:Q429/JY1] | 在馆 |